El génesis en Santa Cariba /
Salvato in:
| Autore principale: | |
|---|---|
| Natura: | Libro |
| Lingua: | Spanish |
| Pubblicazione: |
[San Pedro Sula, Honduras] :
Centro Editorial,
2006.
|
| Soggetti: | |
| Tags: |
Aggiungi Tag
Nessun Tag, puoi essere il primo ad aggiungerne!!
|
MARC
| LEADER | 00000cam a22000007a 4500 | ||
|---|---|---|---|
| 001 | 14697882 | ||
| 005 | 20140908043203.0 | ||
| 008 | 070105s2007 ho 000 1 spa | ||
| 020 | |a 9789992670309 | ||
| 040 | |a DLC |c DLC |d CIICLA | ||
| 082 | |a G863.4 |b E74g2 | ||
| 100 | 1 | |a Escoto, Julio. | |
| 245 | 1 | 3 | |a El génesis en Santa Cariba / |c Julio Escoto. |
| 260 | |a [San Pedro Sula, Honduras] : |b Centro Editorial, |c 2006. | ||
| 300 | |a 400 páginas | ||
| 650 | 1 | 7 | |a LITERATURA HONDUREÑA |v NOVELA |
| 942 | |2 ddc |c BK | ||
| 999 | |c 3439 |d 3439 | ||



